Statistics for League of Cambrai Members

Click here to take the quiz!

General Stats

  • This quiz has been taken 8 times
  • The average score is 4 of 5

Answer Stats

StatusAnswer% Correct
Current NationFrance
100%
Current NationSpain
100%
Defunct NationHoly Roman Empire
75%
Defunct NationPapal States
63%
Defunct NationFerrara
13%

Score Distribution

Percentile by Number Answered

Percent of People with Each Score

Your Score History

You have not taken this quiz